Révolution Espagnol - Statistiques

Statistiques générales
  • Ce quiz a été pris 10 fois
  • Le résultat moyen est 4 sur 6
Statistiques - réponses
Soldats Pays % Correct
17 000 Allemagne
100%
75 000 Italie
86%
3 000 Union Soviétique
86%
1 000 000 Espagne Nationaliste
43%
450 000 Espagne Républicain
43%
70 000 Tribus Rifaines
29%
Aucun quiz correspondant
Distribution des résultats
% des personnes avec chaque résultat
Percentile par nombre de réponses
Votre historique - résultats
Vous n’avez pas pris ce quiz